|
|
|
|
| LEADER |
01595cas a2200241 a 4500 |
| 001 |
AALejournalIMF002500 |
| 008 |
230101c9999 xx r poo 0 0eng d |
| 020 |
|
|
|c 5.00 USD
|
| 020 |
|
|
|z 9781451816174
|
| 022 |
|
|
|a 1934-7685
|
| 040 |
|
|
|a BD-DhAAL
|c BD-DhAAL
|
| 110 |
2 |
|
|a International Monetary Fund.
|
| 245 |
1 |
0 |
|a Greece :
|b Report on Observance of Standards and Codes-Fiscal Transparency Module-Update.
|
| 264 |
|
1 |
|a Washington, D.C. :
|b International Monetary Fund,
|c 2003.
|
| 300 |
|
|
|a 1 online resource (6 pages)
|
| 490 |
1 |
|
|a IMF Staff Country Reports
|
| 500 |
|
|
|a <strong>Off-Campus Access:</strong> No User ID or Password Required
|
| 500 |
|
|
|a <strong>On-Campus Access:</strong> No User ID or Password Required
|
| 506 |
|
|
|a Electronic access restricted to authorized BRAC University faculty, staff and students
|
| 520 |
3 |
|
|a This paper presents an update to the Report on the Observance of Standards and Codes (ROSC) on Fiscal Transparency for Greece. Two important steps toward improving fiscal transparency since the last ROSC update were Greece's subscription to the Special Data Dissemination Standard in November 2002, and participation in the preparation of the data module of the ROSC. Other steps included improving fiscal audits and the evaluation of budget expenditure, and measures in the recent tax reform to simplify the tax system.
|
| 538 |
|
|
|a Mode of access: Internet
|
| 830 |
|
0 |
|a IMF Staff Country Reports; Country Report ;
|v No. 2003/158
|
| 856 |
4 |
0 |
|z Full text available on IMF
|u http://elibrary.imf.org/view/journals/002/2003/158/002.2003.issue-158-en.xml
|z IMF e-Library
|